000 00282nam a2200109Ia 4500
008 220204s9999 xx 000 0 und d
082 _a331.5
_bCAR;1
245 0 _aMisfits in industry
260 _aNew York
_bMedical and Scientific
_c1978
700 _aCARONE, Pasquala A
942 _cBK
999 _c31359
_d31359